• 首页
  • 本馆介绍
  • 公告通知
  • 最新文献
  • 馆藏检索
  • 电子资源
  • 读者导购
  • 参考咨询
  • 我的图书馆
  • 登录
  • 详细信息显示
  • 放入我的书架
  • 预约/预借图书
  • 作者相关作品
  • 分类相关作品
  • 丛书相关作品
  • 出版社相关作品

书目信息

  • 表格格式
  • 工作单格式
  • 卡片格式
题名:
最简单的业余超短波发信机和收信机
    
 
作者: <苏联>О·Г·图托尔斯基 著
分册:  
出版信息: 北京   人民邮电出版社  1956.06
页数: 66页
开本: 20cm
丛书名:
单 册:
中图分类: TN859
科图分类:
主题词: 接收机 , 收音机
电子资源:
ISBN:
000 00670nam0 2200205 450
001 0661633449
005 20060725171738.85
010    @dCNY0.33
100    @a20060725d1956 km y0chiy0120 ea
101 0  @achi
102    @aCN@b110000
200 1  @a最简单的业余超短波发信机和收信机@Azui jian dan de ye yu chao duan bo fa xin ji he shou xin ji@f<苏联>О·Г·图托尔斯基 著@FО·Г·tu tuo er si ji zhu
210    @a北京@c人民邮电出版社@d1956.06
215    @a66页@d20cm
606 0  @a接收机
606 0  @a收音机
690    @aTN859@v3
701  0 @a<苏联>О·Г·图托尔斯基@AО·Г·tu tuo er si ji@4著
801  0 @aCN@bPFT@c20060725
905    @a10447@dTN859@e58
    
    最简单的业余超短波发信机和收信机/<苏联>О·Г·图托尔斯基 著.-北京:人民邮电出版社,1956.06
    66页;20cm
    
    
    ISBN :CNY0.33
    
●
相关链接 在E读中查询图书 在五车中查询图书 在当当中查询图书 在豆瓣中查询图书


正题名:最简单的业余超短波发信机和收信机     索取号:TN859/58         预约/预借

序号 登录号 条形码 馆藏地/架位号 状态 备注
1 0438435   204384353   密集书库/ [索取号:TN859/58] 在馆    
唐山师范学院图书馆 欢迎您!
大连网信软件有限公司© 版权所有